000 00653nam a2200277Ia 4500
005 20260324120503.0
008 008 260324s9999 xx 000 0 eng d
020 _a9780367818586
037 _aEBOOK
040 _aCRL
040 _beng
040 _cCRL
041 _2eng
041 _aeng
084 _qCRL
100 _aKaushik Roy
245 0 _aFrontiers, Insurgencies and Counter-Insurgencies in South Asia
260 _bTaylor and Francis
260 _c2015
365 _a
365 _b230
856 _uhttp://www.taylorfrancis.com/books/9780367818586
942 _cEBOOK
999 _c1750328
_d1750328